000 00296nam a22001217a 4500
082 _a621.38132 MIC'R
100 _aRAGAN, GEORGE L
_973681
245 _aMICROWAVE TRANSMISSION CIRCUITS
260 _aNEWYORK
_bMCGRAW HILL
_c1948
300 _a725P
650 _a ACC NO-16533
_973682
942 _cBK
999 _c579333
_d579333